Aztahuacán : ¡donde ya no volarán las garzas! /

Gardado en:
Detalles Bibliográficos
Autor Principal: Chirino Castillo, Joel (autor)
Formato: Libro
Idioma:Lingua castelá
Temas:
Etiquetas: Engadir etiqueta
Sen Etiquetas, Sexa o primeiro en etiquetar este rexistro!

MARC

LEADER 00000nam^a2200000^a^4500
001 000140005
005 20250521000000.0
009 20260310095525.67
037 |a Acervo ITESO - Biblioteca 
041 |a ESP 
082 |a 972. 536  |b CHI 
100 |a Chirino Castillo, Joel  |e (autor) 
245 1 0 |a Aztahuacán :  |b ¡donde ya no volarán las garzas! /  |c J. Chirino Castillo ; il. de Joel K. Chirino, Arturo Díaz Martínez ; pról. de Eduardo Luis Feher. 
264 |a Guadalajara, México :  |b edición de autor,  |c fecha no identificada 
300 |a 132 p. 
336 |a texto  |b txt  |2 rdacontenido 
337 |a sin mediación  |b n  |2 rdamedio 
338 |a volumen  |b nc  |2 rdasoporte 
649 |a XX 
650 |a Santa María Aztahuacán, D.F. -  |x Historia 
650 |a Iztapalapa, México (D.F.) -  |x Historia 
650 |a México (D.F.) -  |x Historia 
650 |a México -  |x Historia 
910 |a Fondo General 
920 |a Impresos - Libros 
930 |a Colección General 
905 |a 101 
901 |a 0500068299  |b IT1  |c ACC  |u 20250521 
902 |a https://opac.biblio.iteso.mx/vufind/Record/000140005